Encountering the Old Testament (Record no. 19431)
[ view plain ]
| 000 -LEADER | |
|---|---|
| fixed length control field | 00485nam a22001697a 4500 |
| 008 - FIXED-LENGTH DATA ELEMENTS--GENERAL INFORMATION | |
| fixed length control field | 220816b |||||||| |||| 00| 0 eng d |
| 020 ## - INTERNATIONAL STANDARD BOOK NUMBER | |
| International Standard Book Number | 0801049538 |
| 050 ## - LIBRARY OF CONGRESS CALL NUMBER | |
| Classification number | BS1140.3 |
| Item number | .A76 2015 |
| 100 ## - MAIN ENTRY--PERSONAL NAME | |
| Personal name | Arnold, Bill T. |
| 245 ## - TITLE STATEMENT | |
| Title | Encountering the Old Testament |
| Remainder of title | a Christian Survey/ |
| Statement of responsibility, etc. | Bill T. Arnold |
| 250 ## - EDITION STATEMENT | |
| Edition statement | 3rd ed. |
| 260 ## - PUBLICATION, DISTRIBUTION, ETC. (IMPRINT) | |
| Place of publication, distribution, etc. | Grand Rapids |
| Name of publisher, distributor, etc. | Baker Academic |
| Date of publication, distribution, etc. | 2015 |
| 300 ## - PHYSICAL DESCRIPTION | |
| Extent | xvi, 539p. |
| 650 ## - SUBJECT ADDED ENTRY--TOPICAL TERM | |
| Topical term or geographic name as entry element | Bible, O.T. |
| Form subdivision | textbooks |
| 700 ## - ADDED ENTRY--PERSONAL NAME | |
| Personal name | Beyer, Bryan E. |
| 942 ## - ADDED ENTRY ELEMENTS (KOHA) | |
| Source of classification or shelving scheme | Library of Congress Classification |
| Koha item type | General Collection |
| Withdrawn status | Lost status | Source of classification or shelving scheme | Not for loan | Home library | Current library | Date acquired | Cost, normal purchase price | Total Checkouts | Full call number | Barcode | Date last seen | Price effective from | Koha item type |
|---|---|---|---|---|---|---|---|---|---|---|---|---|---|
| Library of Congress Classification | Kabarak, Main Campus | Kabarak, Main Campus | 16/08/2022 | 4350.00 | BS1140.3 .A76 2015 c.1 | 032022 | 02/08/2024 | 16/08/2022 | General Collection |